French Animals - Statistics

General Stats
  • This quiz has been taken 85 times
  • The average score is 11 of 15
Answer Stats
French Word Answer % Correct
Chien Dog
99%
Chat Cat
93%
Serpent Snake
93%
Poisson Fish
90%
Vache Cow
84%
Poulet Chicken
80%
Girafe Giraffe
78%
Lapin Rabbit
78%
Furet Ferret
75%
Mouton Sheep
72%
Souris Mouse
67%
Cochon Pig
65%
Poisson rouge Goldfish
55%
Cochon d'Inde Guinea Pig
55%
Guépard Cheetah
39%
No matching quizzes found
Score Distribution
Percent of People with Each Score
Percentile by Number Answered
Your Score History
You have not taken this quiz